000 00541 a2200181 4500
999 _c9099
_d9099
020 _a9780553400694
050 0 0 _aPS3551 ASI
100 1 _aAsimov, Isaac,
_d1920-1992.
245 1 0 _aNemesis /
_cIsaac Asimov.
264 _aToronto:
_bBantam Books,
_c1989.
300 _a446p. ;
500 _atext
650 _aScience fiction.
650 _aAmerican writers -- 1945- -- 60030 -- texts
942 _2lcc
_cBK
_h3551
_iASI
_kPS